[Event "10. Lovsprings EMT Mesterklassen 1998"]
[Site "Ringsted"]
[Date "1998.05.29"]
[Round "7"]
[White "Jorgensen, Brian"]
[Black "Jorgensen, Michael"]
[Result "0-1"]
[WhiteElo "2137"]
[BlackElo "2253"]
[PlyCount "110"]
[EventDate "1998.??.??"]

1. c4 f5 2. Nc3 Nf6 3. g3 g6 4. Bg2 Bg7 5. d3 d6 6. Nf3 O-O 7. O-O e5 8. Rb1 a5
9. a3 Nc6 10. b4 axb4 11. axb4 h6 12. b5 Ne7 13. c5 Nd7 14. cxd6 cxd6 15. Qb3+
Kh7 16. Ba3 Rf6 17. d4 e4 18. Nd2 Nb6 19. d5 Rf8 20. Bb2 Bd7 21. Nc4 Nxc4 22.
Qxc4 Be8 23. Qb3 Bf7 24. Rbd1 Ng8 25. e3 Nf6 26. h3 Nd7 27. Na4 Bxb2 28. Nxb2
Qf6 29. f3 Nc5 30. Qb4 exf3 31. Bxf3 Rfe8 32. Qd4 Qxd4 33. Rxd4 Rxe3 34. Nc4
Ra4 35. Rf4 Rd3 36. Nb2 Rxf4 37. Nxd3 Rc4 38. Nf4 Kg7 39. Re1 Kf6 40. Rb1 g5
41. Ng2 Ra4 42. Ne3 Ra3 43. Kf2 Nd3+ 44. Ke2 Ne5 45. Bg2 Bh5+ 46. g4 Ra2+ 47.
Kf1 fxg4 48. hxg4 Bxg4 49. Kg1 Be2 50. b6 g4 51. Rb4 Kg5 52. Be4 Bf3 53. Bb1
Re2 54. Nf5 Re1+ 55. Kh2 Rxb1 0-1

[Event "10. Lovsprings EMT Mesterklassen 1998"]
[Site "Ringsted"]
[Date "1998.05.29"]
[Round "7"]
[White "Jorgensen, Gert"]
[Black "Arnkilde, Anders"]
[Result "0-1"]
[WhiteElo "2005"]
[BlackElo "2059"]
[PlyCount "74"]
[EventDate "1998.??.??"]

1. e4 e5 2. Nf3 Nc6 3. Bb5 a6 4. Ba4 b5 5. Bb3 Bb7 6. d3 Bc5 7. O-O Nf6 8. Bg5
h6 9. Bh4 d6 10. c3 Bb6 11. a4 Rb8 12. Na3 b4 13. Nc4 Ba7 14. a5 g5 15. Bg3 O-O
16. Ne3 Ne7 17. h4 g4 18. Nxe5 dxe5 19. Bxe5 Ng6 20. Nxg4 Nxg4 21. Qxg4 Kh7 22.
Bg3 Bc8 23. Qd1 Nxh4 24. Rc1 Qg5 25. d4 Be6 26. Bxe6 fxe6 27. cxb4 Rf7 28. Rc4
Rg8 29. Qc2 Rgg7 30. Qc1 Qg4 31. Kh2 e5 32. Rc6 Qh5 33. Kg1 Bxd4 34. Bxh4 Qxh4
35. Rxa6 Rxg2+ 36. Kxg2 Rg7+ 37. Kf3 Qg4# 0-1

[Event "10. Lovsprings EMT Mesterklassen 1998"]
[Site "Ringsted"]
[Date "1998.05.29"]
[Round "7"]
[White "Krogh, Peter Ove"]
[Black "Nordenbaek, Jan"]
[Result "0-1"]
[WhiteElo "2019"]
[BlackElo "2237"]
[PlyCount "84"]
[EventDate "1998.??.??"]

1. c4 Nf6 2. Nc3 c5 3. Nf3 Nc6 4. d4 cxd4 5. Nxd4 g6 6. e4 d6 7. Be2 Bg7 8. O-O
O-O 9. Be3 Bd7 10. Qd2 Nxd4 11. Bxd4 Bc6 12. Qe3 b6 13. Nd5 e5 14. Nxf6+ Qxf6
15. Bc3 Qh4 16. f3 f5 17. exf5 Rxf5 18. Be1 Qf4 19. Qxf4 exf4 20. Rb1 Re8 21.
Bd3 Rfe5 22. Bd2 g5 23. b3 R5e7 24. Rfe1 Bd4+ 25. Kf1 Re5 26. Rxe5 dxe5 27. Re1
Rd8 28. Be4 Bxe4 29. Rxe4 Kf7 30. Ke2 Ke6 31. Be1 h5 32. g3 h4 33. g4 h3 34.
Kf1 Ba1 35. Bf2 Bc3 36. Be1 Rd1 37. Kf2 Rxe1 38. Rxe1 Bxe1+ 39. Kxe1 e4 40. Ke2
Ke5 41. a4 exf3+ 42. Kxf3 Kd4 0-1

[Event "10. Lovsprings EMT Mesterklassen 1998"]
[Site "Ringsted"]
[Date "1998.05.29"]
[Round "7"]
[White "Preuss, Flemming"]
[Black "Jensen, Leif"]
[Result "1/2-1/2"]
[WhiteElo "2062"]
[BlackElo "2049"]
[PlyCount "32"]
[EventDate "1998.??.??"]

1. e4 e6 2. Qe2 d5 3. exd5 Qxd5 4. Nc3 Qf5 5. d3 Nf6 6. Nf3 Bb4 7. Bd2 Nc6 8.
g4 Nxg4 9. Rg1 h5 10. O-O-O Qc5 11. d4 Qa5 12. d5 Ne7 13. a3 Bd6 14. h3 Nf6 15.
dxe6 Bxe6 16. Rxg7 Bxa3 1/2-1/2